| 000 | 00368 a2200133 4500 | ||
|---|---|---|---|
| 001 | 116417 | ||
| 090 | _aFantoche 398 | ||
| 245 | 1 | 0 | _aKit de fantoches chapeuzinho vermelho |
| 300 | _aContém 4 fantoches. Chapeuzinho vermelho, vovozinha, caçador e lobo mal. | ||
| 697 | _aFantoche | ||
| 856 | _u000003/000003ae.webp | ||
| 040 |
_aBR-BrIDEA _cBR-BrIDEA |
||
| 942 | _cMX | ||
| 999 |
_c116417 _d116417 |
||